000 00325nam a2200121 i 4500
001 bg
245 0 _aJęzyk mikrokomputerów :
_b[Basic, Pascal, Logo, Prolog, Comal, Logo] /
_cpod red. Mike`a Ducka.
260 _aWarszawa,
_c1988.
040 _cBPK
041 _apol
942 _cKS
008 s pl f |000 0 pol
999 _c3844
_d3844
856 _uhttp://koha.tu.koszalin.pl/cgi-bin/koha/opac-detail.pl?biblionumber=3844
_yKatalog online BPK